00555nam a2200145Ia 4500008004100000100003400041245009000075245003400165260005900199650001800258650001500276856002600291999001900317952007300336170221s9999 xx 000 0 und d aSeyyed-Abdolhamid Mirhosseini aListen to What Doctors Say: Discursive Authority in Two Persian Medical Publications  cSeyyed-Abdolhamid Mirhosseini bOnline Journal of Communication and Media Technologies xCommunication xMedia Arts uhttp://www.ojcmt.net/ c312534d312534 001040aCLbCLd2017-02-21l0r2017-02-21 00:00:00w2017-02-21yFOJ